000 00542nam a2200181Ia 4500
999 _c7328
_d7328
003 OSt
005 20200116155411.0
008 190216s9999||||xx |||||||||||||| ||und||
020 _a9788121923446
020 _a8121923441
040 _coclc
082 _a658.1511
_bSRI/A
100 _aSrinivasan, N P
_91215
245 0 _aAccounting For Management /
_c N P Srinivasan ; M Sakthivel Murugan
260 _bS Chand & Company,
_aNew Delhi:
_c2007.
300 _a680p
942 _cBK
_2ddc
_h658.1511
_iSRI/A
_k658.1511
_mSRI/A